Monthly index. - January - Dec 2001 (Record no. 101150)
[ view plain ]
| 000 -LEADER | |
|---|---|
| fixed length control field | 00917cam a2200301 4500 |
| 001 - CONTROL NUMBER | |
| control field | E09860 |
| 008 - FIXED-LENGTH DATA ELEMENTS--GENERAL INFORMATION | |
| fixed length control field | 000000n2001 000 0 eng u |
| 035 ## - SYSTEM CONTROL NUMBER | |
| System control number | (Sirsi) u110864 |
| 041 ## - LANGUAGE CODE | |
| Language code of text/sound track or separate title | eng |
| 050 ## - LIBRARY OF CONGRESS CALL NUMBER | |
| Classification number | 333.33016 |
| 110 ## - MAIN ENTRY--CORPORATE NAME | |
| Corporate name or jurisdiction name as entry element | Insignia Richard Ellis |
| 9 (RLIN) | 3847 |
| 245 ## - TITLE STATEMENT | |
| Title | Monthly index. - January - Dec 2001 |
| 260 ## - PUBLICATION, DISTRIBUTION, ETC. | |
| Place of publication, distribution, etc. | London |
| Name of publisher, distributor, etc. | Insignia Richard Ellis |
| Date of publication, distribution, etc. | 2001 |
| 300 ## - PHYSICAL DESCRIPTION | |
| Extent | 11 pt. ; 30cm. |
| 520 ## - SUMMARY, ETC. | |
| Summary, etc. | July 2001 issue missing. From 2002 index contained in new publication: Property Investment Monitor. |
| 650 ## - SUBJECT ADDED ENTRY--TOPICAL TERM | |
| Topical term or geographic name entry element | CAPITAL VALUES |
| 650 ## - SUBJECT ADDED ENTRY--TOPICAL TERM | |
| Topical term or geographic name entry element | INDUSTRIAL PROPERTY |
| 650 ## - SUBJECT ADDED ENTRY--TOPICAL TERM | |
| Topical term or geographic name entry element | OFFICES |
| 650 ## - SUBJECT ADDED ENTRY--TOPICAL TERM | |
| Topical term or geographic name entry element | PROPERTY INDICES |
| 650 ## - SUBJECT ADDED ENTRY--TOPICAL TERM | |
| Topical term or geographic name entry element | RENT |
| 650 ## - SUBJECT ADDED ENTRY--TOPICAL TERM | |
| Topical term or geographic name entry element | RETAIL PROPERTY |
| 650 ## - SUBJECT ADDED ENTRY--TOPICAL TERM | |
| Topical term or geographic name entry element | SHOPS |
| 650 ## - SUBJECT ADDED ENTRY--TOPICAL TERM | |
| Topical term or geographic name entry element | YIELDS |
| 690 ## - LOCAL SUBJECT ADDED ENTRY--TOPICAL TERM (OCLC, RLIN) | |
| Topical term or geographic name as entry element | PROPERTY-COMMERCIAL PROPERTY-COMMERCIAL PROPERTY FINANCE AND INVESTMENT |
| 710 ## - ADDED ENTRY--CORPORATE NAME | |
| Corporate name or jurisdiction name as entry element | Richard Ellis St. Quintin |
| 9 (RLIN) | 3738 |
| 710 ## - ADDED ENTRY--CORPORATE NAME | |
| Corporate name or jurisdiction name as entry element | Richard Ellis |
| 9 (RLIN) | 1875 |
| 942 ## - ADDED ENTRY ELEMENTS (KOHA) | |
| Suppress in OPAC | 0 |
| Withdrawn status | Lost status | Source of classification or shelving scheme | Damaged status | Not for loan | Home library | Current library | Shelving location | Date acquired | Total Checkouts | Full call number | Barcode | Date last seen | Copy number | Price effective from | Koha item type |
|---|---|---|---|---|---|---|---|---|---|---|---|---|---|---|---|
| Dewey Decimal Classification | London | London | Property market reports | 12/03/2001 | PROPERTY MARKET REPORTS | 30063739 | 06/08/2019 | 1 | 06/08/2019 | Reference material | |||||
| Dewey Decimal Classification | London | London | Property market reports | 10/04/2001 | PROPERTY MARKET REPORTS | 30064019 | 06/08/2019 | 2 | 06/08/2019 | Reference material | |||||
| Dewey Decimal Classification | London | London | Property market reports | 09/05/2001 | PROPERTY MARKET REPORTS | 30064391 | 06/08/2019 | 3 | 06/08/2019 | Reference material | |||||
| Dewey Decimal Classification | London | London | Property market reports | 09/05/2001 | PROPERTY MARKET REPORTS | 30064394 | 06/08/2019 | 4 | 06/08/2019 | Reference material | |||||
| Dewey Decimal Classification | London | London | Property market reports | 18/07/2001 | PROPERTY MARKET REPORTS | 30064682 | 06/08/2019 | 5 | 06/08/2019 | Reference material | |||||
| Dewey Decimal Classification | London | London | Property market reports | 21/03/2002 | PROPERTY MARKET REPORTS | 30065311 | 06/08/2019 | 6 | 06/08/2019 | Reference material | |||||
| Dewey Decimal Classification | London | London | Property market reports | 21/03/2002 | PROPERTY MARKET REPORTS | 30065310 | 06/08/2019 | 7 | 06/08/2019 | Reference material | |||||
| Dewey Decimal Classification | London | London | Property market reports | 21/03/2002 | PROPERTY MARKET REPORTS | 30065306 | 06/08/2019 | 8 | 06/08/2019 | Reference material | |||||
| Dewey Decimal Classification | London | London | Property market reports | 21/03/2002 | PROPERTY MARKET REPORTS | 30065309 | 06/08/2019 | 9 | 06/08/2019 | Reference material | |||||
| Dewey Decimal Classification | London | London | Property market reports | 21/03/2002 | PROPERTY MARKET REPORTS | 30065308 | 06/08/2019 | 10 | 06/08/2019 | Reference material | |||||
| Dewey Decimal Classification | London | London | Property market reports | 21/03/2002 | PROPERTY MARKET REPORTS | 30064893 | 06/08/2019 | 11 | 06/08/2019 | Reference material |